Statystyki dla Zgadnij europejskie państwo wpisując najwyżej ocenionego piłkarza

Kliknij tutaj aby rozwiązać quiz!

Ogólne statystyki

  • Ten quiz został rozwiązany 41 razy
    (11 od ostatniego zresetowania)
  • Średni wynik to 7 z 42

Odpowiedzi na mapie

Odpowiedzi skodowane kolorowo w zielono-czerwonej skali na mapie do tego quizu, zgodnie z poniższymi procentami.
 

Statystyki odpowiedzi

PaństwoOcenaPiłkarz% Poprawnych
Polska99Lewandowski
100%
Francja99Mbappé | Zidane | Benzema | Diaby | Nkunku | Henry
80%
Wielka
Brytania
99Kane | Bellingham | Rice
70%
Portugalia99Ronaldo | Leão
70%
Norwegia99Haaland
60%
Chorwacja97Modrić
60%
Belgia99Kevin De Bruyne
40%
Austria97Alaba
20%
Czechy94Cech
20%
Bośnia i
Hercegowina
90Džeko
20%
Rumunia91Hagi
20%
Irlandia96Keane
20%
Włochy99Donnarumma
10%
Ukraina97Mudryk
10%
Slowenia97Oblak
10%
Węgry95Puskás
10%
Szwajcaria95Shaqiri
10%
Bułgaria92Stoichkov
10%
Holandia98Virgil van Dijk
10%
Serbia95Vlahović
10%
Hiszpania98Alba
0%
Andora61Álvarez
0%
Finlandia93Antman
0%
Liechtenstein70Büchel
0%
Dania94Delaney
0%
Albania79Djimsiti
0%
Macedonia
Północna
87Elmas
0%
Moldawia71Epureanu | Ioniță
0%
Luksemburg79Gerson Rodrigues
0%
Łotwa76Gutkovskis
0%
Islandia83Ingason
0%
Czarnogóra88Jovetić
0%
Szwecja94Karlsson
0%
Slowacja91Lobotka
0%
Niemcy99Matthäus
0%
Estonia66Mets | Käit | Tamm
0%
Grecja90Pavlidis
0%
Kosowo89Rashica
0%
Białoruś63Shikavka | Vaitsiakhovich | Shcherbakovski
0%
Malta75Teuma
0%
Rosja94Yashin
0%
Litwa66Zubas | Utkus
0%

Rozkład punktacji

Percentyl według liczby udzielonych odpowiedzi

Procent ludzi z każdym wynikiem

Twoja historia wyników

Nie rozwiązałeś tego quizu od ostatniego zresetowania